ნორმალური ფორმატი
MARC ფორმატი
ჩანაწერი Personal Name
ჩანაწერთა რაოდენობა, რომელიც გამოყენებულია: 1
001 - CONTROL NUMBER
- control field: 3346
003 - CONTROL NUMBER IDENTIFIER
- control field: GE_BSU
005 - DATE AND TIME OF LATEST TRANSACTION
- control field: 20190729133435.0
008 - FIXED-LENGTH DATA ELEMENTS
- fixed length control field: 190729|| aca||aabn | a|a d
040 ## - CATALOGING SOURCE
- Original cataloging agency: GE_BSU
- Transcribing agency: GE_BSU
100 ## - HEADING--PERSONAL NAME
- Personal name: ბიჭიაშვილი, ჯონი
- Dates associated with a name: რედაქტორი
670 ## - SOURCE DATA FOUND
- Source citation: Work cat.: (GE_BSU)39430: ბიჭიაშვილი, ჯონი 3343, მშენებლობის ორგანიზაცია, მექანიზაცია, ავტომატიზაცია, დაგეგმვა და მენეჯმენტი I წიგნი, პირველი ნაწილი :
